000 00848nam a2200193Ii 4500
003 JO-AjNU
008 230605s9999||||xx |||||||||||||| ||und||
040 _aJO-AjNU
_bara
_erda
_cJO-AjNU
041 _aara
050 1 4 _aHC415.26.2014
100 3 _aالمجلس الاقتصادي والاجتماعي الأردني,
_eauthor
_951181
245 0 0 _aالمجلس الاقتصادي والاجتماعي الأردني: الواقع الاقتصادي والاجتماعي لمحافظة معان وباديتها " دراسة تشخيصية
264 3 1 _aعمان: المجلس الاقتصادي والاجتماعي، 2014
300 _a201ص
336 _atext
_btxt
_2rdacontent
337 _aunmediated
_bn
_2rdamedia
338 _avolume
_bnc
_2rdacarrier
650 4 _aالاردن -- احوال اقثصادية واجتماعية
_951182
999 _aA22591
_c26159
_d26159